000 00361nam a2200145 i 4500
001 bg
100 1 _aSTAROWICZ, Zygmunt
245 0 _aPoradnik montera chłodniczego /
_cZygmunt Starowicz.
250 _aWyd.2 całk. zm. unowocz.
260 _aWarszawa,
_c1976.
040 _cBPK
041 _apol
942 _cKS
008 s pl f |000 0 pol
999 _c26886
_d26886
856 _uhttp://koha.tu.koszalin.pl/cgi-bin/koha/opac-detail.pl?biblionumber=26886
_yKatalog online BPK